[Event "Wch U14"]
[Site "Belfort"]
[Date "2005.07.25"]
[Round "7"]
[White "Wagih Abdessalem, Karim Ahmed"]
[Black "Roganovic, Milos"]
[Result "0-1"]
[WhiteElo "2064"]
[BlackElo "2228"]
[PlyCount "83"]
[EventDate "2005.07.??"]
[EventType "swiss"]
[EventRounds "11"]
[EventCountry "FRA"]
[SourceTitle "CBM 107 Extra"]
[Source "ChessBase"]
[SourceDate "2005.09.01"]
[SourceVersion "1"]
[SourceVersionDate "2005.09.01"]
[SourceQuality "1"]

1. d4 d5 2. Nf3 Nf6 3. e3 c6 4. c4 e6 5. Nc3 Nbd7 6. Qc2 Bd6 7. g4 Nxg4 8. Rg1 f5 9. h3 Ngf6 10. Rxg7 Ne4 11. Bd2 Nf8 12. Rg2 Ng6 13. 0-0-0 Bd7 14. Be2 Nh4 15. Nxe4 fxe4 16. Nxh4 Qxh4 17. Ba5 b6 18. c5 Bc7 19. Bc3 b5 20. a4 Kf7 21. Rdg1 Rhg8 22. Rxg8 Rxg8 23. Rxg8 Kxg8 24. axb5 Qxf2 25. bxc6 Qxe3+ 26. Bd2 Qg1+ 27. Qd1 Qxd1+ 28. Kxd1 Bxc6 29. b4 Kf7 30. b5 Bd7 31. Bb4 e5 32. c6 Bxh3 33. Bc5 Bb6 34. Bxb6 axb6 35. dxe5 Ke6 36. Bh5 Kxe5 37. Be8 Kd6 38. Ke2 d4 39. Bh5 Be6 40. Be8 Bc4+ 41. Kd2 Bxb5 42. c7 0-1

[Event "Wch U14"]
[Site "Belfort"]
[Date "2005.07.20"]
[Round "2"]
[White "Wagih Abdessalem, Karim Ahmed"]
[Black "Matlakov, Maxim"]
[Result "0-1"]
[WhiteElo "2064"]
[BlackElo "2399"]
[PlyCount "67"]
[EventDate "2005.07.??"]
[EventType "swiss"]
[EventRounds "11"]
[EventCountry "FRA"]
[SourceTitle "CBM 107 Extra"]
[Source "ChessBase"]
[SourceDate "2005.09.01"]
[SourceVersion "1"]
[SourceVersionDate "2005.09.01"]
[SourceQuality "1"]

1. d4 d5 2. Nf3 Nc6 3. e3 Bg4 4. c4 e6 5. Qb3 Rb8 6. Nc3 Bxf3 7. gxf3 Nf6 8. cxd5 exd5 9. Bd3 Nb4 10. Qa4+ c6 11. Be2 b5 12. Qb3 Be7 13. a3 Na6 14. 0-0 Nc7 15. Qc2 0-0 16. b4 Qd7 17. Kh1 a5 18. bxa5 Ra8 19. Bd2 Bd6 20. Rg1 Qh3 21. f4 Rfe8 22. Rg3 Qd7 23. f3 Kh8 24. e4 Nh5 25. Rg4 Nf6 26. Rh4 g6 27. exd5 Nfxd5 28. Qd3 c5 29. Bf1 Be7 30. Rg4 f5 31. Rg1 Reb8 32. Rb1 Bf6 33. Bg2 c4 34. Qf1 0-1